GeoGuessr - US state highway signs (Medium) - Statistics

General Stats
  • This quiz has been taken 52 times
  • The average score is 24 of 46
Answers on the Map
Answers color-coded by a green-red scale on the quiz's map according to % correct below.
 
Answer Stats
Answer % Correct
82%
82%

old sign (until 2008), but still in existence
77%
77%
77%
77%

old sign (until 2020), but still in existence
77%
77%
77%
73%
73%
73%
73%
68%
68%
68%
68%

primary state route sign
68%
64%
64%
64%
59%
59%
59%
59%
55%
50%
50%
41%
41%
41%
41%
36%
36%
36%
32%

old sign (until 2016), but still in existence
32%
32%
27%
27%
23%
14%
14%
9%

secondary state route sign
9%
9%
No matching quizzes found
Score Distribution
Percent of People with Each Score
Percentile by Number Answered
Your Score History
You have not taken this quiz